000 00582nam a2200217Ia 4500
003 OSt
005 20230501115251.0
008 210423s2005 xx 000 0 und d
020 _a978-1-58829-365-3
040 _cAL
041 _aeng
082 _a611.0181
_223
_bDEVG
100 _aDEVI (LAkshmi A)
_995581
245 _aG protein coupled receptors handbook
260 _aNew jersey
_bHumana Press
_c2005
300 _axv,412
_bHB
365 _b9506.37
_cEUR
650 _aHuman Anatomy
_995582
906 _acoupled ; G ; handbook ; protein ; receptors
942 _2ddc
_cBK
999 _c170535
_d170535